00553nam a22001817a 4500003000400000005001700004008002900021020001800050040002600068100003800094245006200132260003700194300002300231500005700254590002900311942001400340999001700354OSt20210323102542.0210216b 2020 dr 00| 0 eng d a9789945094077 aDO-SdBNPbspa cBNPHU1 aConcepción, Luis Alberto97265510aDe política y algo más /cLuis Alberto Concepción.  aSanto Domingo :bBúho, c2020. a138 p. ; c23 cm.  aIncluye datos biográficos del autor en las solapas aInventariado, 2021 /LP  2ddccLBS1 c49373d49373